Magyar - országi státusok titulusival bővéttetett, új kalendariom, ...

Bibliographic Details
Format: Journal
Language:Hungarian
PhysicalDescription:zv.
Published: Posonban Spajfer Domukos Ferencznél nyomtattatott 1737-1773
Subjects:

MARC

LEADER 00000cas a2200000 a 4500
001 vtls009493801
003 SK-MaSNL
005 20260228155936.0
008 090420d17371773xo ar|p 0 b0hun
040 |a SNK  |b slo  |c SNK  |e AACR2 
041 0 |a hun 
044 |a xo  |c SK 
080 |a 050  |2 2001 
080 |a (059)  |2 2011 
245 0 0 |a Magyar - országi státusok titulusival bővéttetett, új kalendariom, ... 
260 |a Posonban  |b Spajfer Domukos Ferencznél nyomtattatott  |c 1737-1773 
300 |a zv. 
310 |a 1x ročne 
362 0 |a 1737-1773 
655 7 |a kalendáre  |2 SNKPH  |9 70450 
752 |a Slovensko  |d Bratislava 
910 |a snk 
999 |c 951  |d 951 
952 |0 0  |1 0  |4 0  |7 0  |8 5  |a SNK  |b SNK  |d 2009-04-20  |i snkF 3696/70  |l 0  |o snkČSD 307/1737  |p 17A0616660  |r 2026-02-21 19:42:05  |w 2026-02-21  |y PREZ 
952 |0 0  |1 0  |4 0  |7 0  |8 5  |a SNK  |b SNK  |d 2009-04-20  |i snkF 3697/70  |l 0  |o snkČSD 307/1738  |p 17A0616657  |r 2026-02-21 19:42:05  |w 2026-02-21  |y PREZ 
952 |0 0  |1 0  |4 0  |7 0  |8 5  |a SNK  |b SNK  |d 2009-04-20  |i snkF 327/71  |l 0  |o snkČSD 307/1742  |p 17A0616676  |r 2026-02-21 19:42:05  |w 2026-02-21  |y PREZ 
952 |0 0  |1 0  |4 0  |7 0  |8 5  |a SNK  |b SNK  |d 2009-04-20  |i snkF 3678/70  |l 0  |o snkČSD 307/1744  |p 17A0616658  |r 2026-02-21 19:42:05  |w 2026-02-21  |y PREZ 
952 |0 0  |1 0  |4 0  |7 0  |8 5  |a SNK  |b SNK  |d 2009-04-20  |i snkF 3699/70  |l 0  |o snkČSD 307/1745  |p 17A0616659  |r 2026-02-21 19:42:05  |w 2026-02-21  |y PREZ 
952 |0 0  |1 0  |4 0  |7 0  |8 5  |a SNK  |b SNK  |d 2009-04-20  |i snkF 1522/76  |l 0  |o snkČSD 307/1746 D1  |p 17A0616677  |r 2026-02-21 19:42:05  |w 2026-02-21  |y PREZ 
952 |0 0  |1 0  |4 0  |7 0  |8 5  |a SNK  |b SNK  |d 2009-04-20  |i snkF 3701/70  |l 0  |o snkČSD 307/1747  |p 17A0616679  |r 2026-02-21 19:42:05  |w 2026-02-21  |y PREZ 
952 |0 0  |1 0  |4 0  |7 0  |8 5  |a SNK  |b SNK  |d 2009-04-20  |i snkF 3702/70  |l 0  |o snkČSD 307/1748  |p 17A0616678  |r 2026-02-21 19:42:05  |w 2026-02-21  |y PREZ 
952 |0 0  |1 0  |4 0  |7 0  |8 5  |a SNK  |b SNK  |d 2009-04-20  |i snkF 1703/70  |l 0  |o snkČSD 307/1749  |p 17A0616680  |r 2026-02-21 19:42:05  |w 2026-02-21  |y PREZ 
952 |0 0  |1 0  |4 0  |7 0  |8 5  |a SNK  |b SNK  |d 2009-04-20  |i snkF 3704/70  |l 0  |o snkČSD 307/1751  |p 17A0616681  |r 2026-02-21 19:42:05  |w 2026-02-21  |y PREZ 
952 |0 0  |1 0  |4 0  |7 0  |8 5  |a SNK  |b SNK  |d 2009-04-20  |i snkF 3705/70  |l 0  |o snkČSD 307/1752  |p 17A0616673  |r 2026-02-21 19:42:06  |w 2026-02-21  |y PREZ 
952 |0 0  |1 0  |4 0  |7 0  |8 5  |a SNK  |b SNK  |d 2009-04-20  |i snkF 3706/70  |l 0  |o snkČSD 307/1753  |p 17A0616674  |r 2026-02-21 19:42:06  |w 2026-02-21  |y PREZ 
952 |0 0  |1 0  |4 0  |7 0  |8 5  |a SNK  |b SNK  |d 2009-04-20  |i snkF 3707/70  |l 0  |o snkČSD 307/1756  |p 17A0616651  |r 2026-02-21 19:42:06  |w 2026-02-21  |y PREZ 
952 |0 0  |1 0  |4 0  |7 0  |8 5  |a SNK  |b SNK  |d 2009-04-20  |i snkF 3708/70  |l 0  |o snkČSD 307/1761  |p 17A0616652  |r 2026-02-21 19:42:06  |w 2026-02-21  |y PREZ 
952 |0 0  |1 0  |4 0  |7 0  |8 5  |a SNK  |b SNK  |d 2009-04-20  |i snkF 1523/76  |l 0  |o snkČSD 307/1768 D1  |p 17A0616654  |r 2026-02-21 19:42:06  |w 2026-02-21  |y PREZ 
952 |0 0  |1 0  |4 0  |7 0  |8 5  |a SNK  |b SNK  |d 2009-04-20  |i snkF 3695/70  |l 0  |o snkČSD 307/1759 D1  |p 17A0616675  |r 2026-02-21 20:16:45  |w 2026-02-21  |y PREZ